Sanat - "Muisto vain jää" - Kari Tapio - Statistics

Yleistilastot
  • Tätä visaa on pelattu 10 kertaa
  • Keskiarvotulos 75 / 98
Vastaustilastot
Vastaus % Oikein
jää
100%
jää
100%
jää
100%
jää
100%
jää
100%
jää
100%
kun
100%
kun
100%
kun
100%
kun
100%
kun
100%
kun
100%
kun
100%
muisto
100%
muisto
100%
muisto
100%
muisto
100%
muisto
100%
muisto
100%
päättyy
100%
päättyy
100%
päättyy
100%
päättyy
100%
päättyy
100%
päättyy
100%
tää
100%
tää
100%
tää
100%
tää
100%
tää
100%
tää
100%
vain
100%
vain
100%
vain
100%
vain
100%
vain
100%
vain
100%
vain
100%
vain
100%
en
83%
En
83%
En
83%
lähdet
83%
pois
83%
83%
tänään
83%
huomiseen
67%
kaunein
67%
korvaamaton
67%
kukka
67%
kuolee
67%
kuulen
67%
kuulen
67%
mua
67%
mua
67%
muistuttaa
67%
muistuttaa
67%
nimes
67%
nimes
67%
nyt
67%
nyt
67%
on
67%
Päivä
67%
sammuva
67%
sun
67%
sun
67%
uskoa
67%
voi
67%
voi
67%
vois
67%
jostain
50%
jostain
50%
kauempaa
50%
kauempaa
50%
kuin
50%
kuin
50%
Kuiske
50%
Kuiske
50%
kutsu
50%
kutsu
50%
kutsun
50%
kutsun
50%
50%
50%
saa
50%
saa
50%
soi
50%
soi
50%
turhaan
50%
turhaan
50%
tuulen
50%
tuulen
50%
tuulen
50%
tuulen
50%
vastata
50%
vastata
50%
viestiin
50%
viestiin
50%
Ehtoja vastaavia visoja ei löytynyt
Tulosjakauma
Jokaisen tuloksen saaneiden osuus
Persentiili vastausten määrän mukaan
Tuloshistoriasi
Et ole pelannut tätä visaa